| 000 | 00358nam a2200121Ia 4500 | ||
|---|---|---|---|
| 008 | 220204s9999 xx 000 0 und d | ||
| 082 |
_a582.28 _bBOO |
||
| 100 | _aBOOTH, C | ||
| 245 | 0 | _aFusarium: Laboratory guide to the identification of the major species | |
| 260 |
_aEngland _bCommonwealth Mycological Inst _c1977 |
||
| 650 | _aFusarium fungi | ||
| 942 | _cBK | ||
| 999 |
_c36706 _d36706 |
||